Década de 1990 no Brasil - Statistics

Estatísticas Gerais
  • Esse quiz foi jogado 178 vezes
    177 desde o último reset
  • A pontuação média é 11 de 16
Estatísticas das Respostas
Dica Resposta % Correto
Qual presidente sofreu um processo de impeachment por corrupção? Fernando Collor
99%
Qual piloto brasileiro de Fórmula 1 morreu em um acidente durante o GP de San Marino? Ayrton Senna
96%
Qual país derrotou o Brasil na final da Copa de 1998? França
94%
A Brasília Amarela de qual banda estava de portas abertas pra "mode" a gente se amar? Mamonas Assassinas
90%
Qual país foi derrotado pelo Brasil na final da Copa de 1994? Itália
89%
Qual o nome do plano do Governo FHC que buscava a estabilização econômica do país? Plano Real
89%
Qual cantor estadunidense gravou um clipe com o bloco Olodum no Pelourinho? Michael Jackson
86%
De qual seriado veio o famoso bordão "Cala a boca, Magda"? Sai de Baixo
75%
Qual filme, estrelado por Fernanda Montenegro, conta a história da busca de um garoto por seu pai no Nordeste? Central do Brasil
72%
Segunda "Morena do Tchan" Scheila Carvalho
66%
Segunda "Loira do Tchan" Sheila Mello
66%
Primeira "Loira do Tchan" Carla Perez
59%
Qual novela era estrelada por Antônio Fagundes, Patrícia Pillar e Glória Pires? O Rei do Gado
59%
Qual o nome do movimento estudantil que fez pressão pelo impeachment desse presidente? Caras-pintadas
55%
Qual o nome do movimento musical que se iniciou no Recife e teve entre suas principais bandas o grupo Chico Science & Nação Zumbi? Manguebeat
32%
Primeira "Morena do Tchan" Débora Brasil
21%
Nenhum quiz correspondente encontrado
Distribuição das Pontuações
Porcentagem de Pessoas com Cada Pontuação
Percentil de Números Respondidos
Sua Pontuação Histórica
Você não jogou esse quiz desde o último reset